| 000 | 00000nam 2200000zi 4500 |
| 001 | 9.954365 |
| 003 | CaOODSP |
| 005 | 20250821100543 |
| 006 | m o d f |
| 007 | cr mn||||||||| |
| 008 | 250821e20250115oncd obs f000 0 fre d |
| 040 | |aCaOODSP|bfre|erda|cCaOODSP |
| 043 | |an-cn--- |
| 086 | 1 |aCS82-003/2025-1-1F-PDF |
| 100 | 1 |aCharters, Thomas, |eauteur. |
| 245 | 10|aMise en correspondance de la mesure de l’incapacité du Groupe de Washington sur les statistiques des incapacités selon le Health Utilities Index Mark 3 : |bélaboration et validation d’un modèle prédictif multivarié dans un échantillon issu de la population générale / |cpar Thomas Charters, Dafna Kohen et Julie Bernier. |
| 264 | 1|a[Ottawa] : |bStatistique Canada = Statistics Canada, |cle 15 janvier 2025. |
| 264 | 4|c©2025 |
| 300 | |a1 ressource en ligne (20 pages) : |bgraphiques. |
| 336 | |atexte|btxt|2rdacontent/fre |
| 337 | |ainformatique|bc|2rdamedia/fre |
| 338 | |aressource en ligne|bcr|2rdacarrier/fre |
| 490 | 1 |aRapports sur la santé, |x1209-1375 ; |vvol. 36, n° 1, [1] |
| 500 | |aPublié aussi en anglais sous le titre : Mapping the Washington Group on Disability Statistics disability measure to the Health Utilities Index Mark 3 : development and validation of a predictive multivariable model in a general population sample. |
| 504 | |aComprend des références bibliographiques (pages 19-20). |
| 650 | 6|aSanté publique|xEnquêtes|zCanada|xMéthodologie. |
| 650 | 6|aSanté publique|xEnquêtes|zCanada|vStatistiques. |
| 650 | 6|aHandicap|zCanada|vStatistiques. |
| 655 | 7|aStatistiques|2rvmgf |
| 710 | 2 |aStatistique Canada, |eorganisme de publication. |
| 775 | 08|tMapping the Washington Group on Disability Statistics disability measure to the Health Utilities Index Mark 3 : |w(CaOODSP)9.954364 |
| 830 | #0|aRapports sur la santé (Collection)|vvol. 36, n° 1, [1].|w(CaOODSP)9.950257 |
| 856 | 40|qPDF|s1.03 Mo|uhttps://publications.gc.ca/collections/collection_2025/statcan/82-003-x/CS82-003-2025-1-1-fra.pdf |
| 856 | 4 |qHTML|sS.O.|uhttps://www150.statcan.gc.ca/n1/pub/82-003-x/2025001/article/00001-fra.htm |